Laws and principles of Quranic society (Record no. 7132)

000 -LEADER
fixed length control field 00387 a2200133 4500
040 ## - CATALOGING SOURCE
Original cataloging agency DLC
Language of cataloging DLC
082 ## - DEWEY DECIMAL CLASSIFICATION NUMBER
Classification number 297.197
100 ## - MAIN ENTRY--PERSONAL NAME
Personal name Dr. M Basharat Ali.
245 ## - TITLE STATEMENT
Title Laws and principles of Quranic society
Statement of responsibility, etc. Dr. M Basharat Ali.
260 ## - PUBLICATION, DISTRIBUTION, ETC.
Place of publication, distribution, etc. Karachi :
Name of publisher, distributor, etc. The Jamiyat-ul-Falah Publications,
Date of publication, distribution, etc. 1971.
300 ## - PHYSICAL DESCRIPTION
Extent 145 p. ;
Dimensions 23 cm.
650 ## - SUBJECT ADDED ENTRY--TOPICAL TERM
Topical term or geographic name entry element Quran--Sociology.
942 ## - ADDED ENTRY ELEMENTS (KOHA)
Koha item type Book
Call number prefix 297.197 BAS
Source of classification or shelving scheme
Holdings
Withdrawn status Lost status Damaged status Not for loan Collection code Permanent Location Current Location Shelving location Date acquired Source of acquisition Cost, normal purchase price Total Checkouts Full call number Barcode Date last seen Date last checked out Price effective from Koha item type
          NUST Law School (NLS) NUST Law School (NLS) General Stacks 05/05/2008 Donation 0.00 2 297.197 BAS SEECS009074 09/01/2022 11/09/2020 01/05/2017 Book
          NUST Law School (NLS) NUST Law School (NLS) General Stacks 05/05/2008 Donation 0.00 2 297.197 BAS SEECS009075 09/02/2019 07/17/2019 01/05/2017 Book
© 2023 Central Library, National University of Sciences and Technology. All Rights Reserved.